Quân vương và bầy tôi

Zapisane w:
Opis bibliograficzny
1. autor: AMELLIE NOTHOMB
Format: Książka
Język:Undetermined
Wydane: Văn nghệ Tp HCM 2002
Etykiety: Dodaj etykietę
Nie ma etykietki, Dołącz pierwszą etykiete!
Thư viện lưu trữ: Trung tâm Học liệu Trường Đại học Cần Thơ
LEADER 00423nam a2200145Ia 4500
001 CTU_49017
008 210402s9999 xx 000 0 und d
082 |a 843.914 
082 |b N912 
100 |a AMELLIE NOTHOMB 
245 0 |a Quân vương và bầy tôi 
245 0 |c AMELLIE NOTHOMB, Ngô Duy Khánh 
260 |b Văn nghệ Tp HCM 
260 |c 2002 
980 |a Trung tâm Học liệu Trường Đại học Cần Thơ